|
|
|
|
| LEADER |
01384nam a22003132a 4500 |
| 001 |
000051207 |
| 003 |
CZ BrMZK |
| 005 |
20111202125121.0 |
| 007 |
ta |
| 008 |
010907s1979 xr f cze d |
| 015 |
|
|
|a cnb000398039
|
| 035 |
|
|
|a (OCoLC)40078468
|
| 040 |
|
|
|a BOA001
|b cze
|
| 100 |
1 |
|
|a Koutník, Josef
|7 jk01062376
|4 aut
|
| 245 |
1 |
0 |
|a Technologie pro lesnická odborná učiliště :
|b učební text pro 1., 2. a 3. ročník lesnických odborných učilišť /
|c Josef Koutník, Pavol Olejár
|
| 250 |
|
|
|a 1. vyd.
|
| 260 |
|
|
|a Praha :
|b Státní zemědělské nakladatelství,
|c 1979
|
| 300 |
|
|
|a 351 s.
|
| 490 |
1 |
|
|a Lesnická knihovna. Knihovna lesního hospodáře. Učebnice ;
|v sv. 37
|
| 490 |
1 |
|
|a Lesnictví, myslivost a vodní hospodářství
|
| 700 |
1 |
|
|a Olejár, Pavol
|4 aut
|
| 830 |
|
0 |
|a Lesnická knihovna (Státní zemědělské nakladatelství).
|p Učebnice
|
| 830 |
|
0 |
|a Lesnictví, myslivost a vodní hospodářství
|0 s
|
| 910 |
|
|
|a BOA001
|b PK-0085.103
|b 2-0801.200
|
| 964 |
|
|
|a Dřevo - technologie - učebnice - učiliště odborná střední
|
| 964 |
|
|
|a Hospodářství lesní - učebnice - učiliště odborná lesnická
|
| 990 |
|
|
|a BK
|
| 996 |
6 |
|
|b 2619434215
|c 2-0801.200
|l MZK
|r Sklad / do 1 hodiny
|n 0
|w 000051207
|u 000020
|a 1
|e BOA001
|j MZK50
|s P
|
| 996 |
7 |
|
|b 3119978391
|c PK-0085.103
|l MZK
|r Sklad / do 1 hodiny
|n 1
|w 000051207
|u 000010
|a 1
|e BOA001
|j MZK50
|s A
|